000 00306nam a22001457a 4500
003 SGT
020 _a9780205292967
082 _bHAG
100 _aHAGAN, FRANK E.
245 _aRESEARCH METHODS IN CRIMINAL JUSTICE
250 _a5TH
260 _bALLYN & BACON
_c2000
300 _a528
942 _2ddc
_cBK
999 _c15805
_d15805